| 000 | 01189nam a2200277 i 4500 | ||
|---|---|---|---|
| 003 | DO-SdBNP | ||
| 005 | 20250704103106.0 | ||
| 007 | ta | ||
| 008 | 250613b2024 dr ||||| |||| 00| 0 spa d | ||
| 020 | _a9789945649499 | ||
| 040 |
_aDO-SdBNP _bspa _cBNPHU _erda |
||
| 041 | _aspa | ||
| 082 | 4 |
_axxx _bB715a _222 |
|
| 100 | 1 |
_aBonifacio Peña, Víctor Starling, _eautor _d1994- _4aut. _988106 |
|
| 245 | 1 | 0 |
_aAntología de cuentos : _bla muerte / _cVíctor Starling Bonifacio Peña ; corrección de estilo, Mayli Cristina Leal. |
| 250 | _aPrimera edición | ||
| 264 | 4 |
_aSanto Domingo, República Dominicana : _bPrintbarato, _c©2024. |
|
| 300 |
_a127 páginas ; _c21cm. |
||
| 336 |
_atexto _btxt _2rdacontent |
||
| 337 |
_asin mediación _bn _2rdamedian |
||
| 338 |
_avolumen _bnc _2rdacarrier |
||
| 505 | _aAgradecimientos -- Doña Ermida --De la pobreza a la miseria --Abuelo --Vamos a tener intimidad -- Perdido -- Delirio y agonía -- Lemi en el cielo -- Granito -- Error en la matrix -- Morir en el arte -- Club del suicidio-- La sombra de los sueños de Erick -- La muerte sobre nosotros -- Biografía | ||
| 590 | _aInventariado, 2025 /LP | ||
| 910 | _aLP | ||
| 942 |
_2ddc _cLBS1 |
||
| 999 |
_c58906 _d58906 |
||